000 00698nam a22001337a 4500
040 _cRUA
082 _aAGR MON 2024 B1-406 Or.
100 _aMON TOLA,ម៉ុន តុលា
245 _aCOMOARISON IN MORPHO-AGRONOMIC TRAITS AND STORANGE ROOT YIELD OF SOME SWEET POTATOES(Ipomoea batatas L.).ការប្រៀបធៀបនៃលក្ខណៈក្សេត្រសាស្រ្ត និងទិន្នផលមើមរបស់ស្រឡាយដំឡូងជ្វា(Ipomoea batatas L.)
260 _aphnom penh
_brua
_c2024
300 _aix.31p.
_bill.
_c29cm.
856 _uhttps://drive.google.com/file/d/1wQXKvuCCV_pw-hxe0mV5_z_MGm4bgiU0/view?usp=sharing
942 _cAGR
999 _c24703
_d24703